000 00492nam a2200193Ia 4500
005 20250508160644.0
008 008 250505s9999 xx 000 0 eng d
037 _aTextual
040 _aFEDL
_beng
_cFEDL
041 _aeng
_2eng
084 _a159.4, VRO
_qFEDL
100 _aVroom Victor H.
245 0 _aManagement and motivation
260 _c1970
300 _a399p.
700 _a Deci Edward L.
_9769036
942 _cTEXL
_h159.4, VRO
999 _c1365870
_d1365870